What every employer should know (Record no. 2706)
[ view plain ]
| 000 -LEADER | |
|---|---|
| fixed length control field | 00643nam a2200145Ia 4500 |
| 005 - DATE AND TIME OF LATEST TRANSACTION | |
| control field | 20240408082938.0 |
| 008 - FIXED-LENGTH DATA ELEMENTS--GENERAL INFORMATION | |
| fixed length control field | 240331s9999 xx 000 0 und d |
| 082 ## - DDC Classification | |
| Item Number - Author Mark | DES |
| Class No. | 331 |
| 100 ## - MAIN ENTRY--PERSONAL NAME | |
| Personal name | de Silva, B.M. Eric |
| 245 #0 - TITLE STATEMENT | |
| Title | What every employer should know |
| Statement of responsibility, etc. | Eric B,M, de Silva |
| 260 ## - PUBLICATION, DISTRIBUTION, ETC. | |
| Place of publication, distribution, etc. | Sri Lanka : |
| Name of publisher, distributor, etc. | Lecturer in Management Studies / |
| 300 ## - PHYSICAL DESCRIPTION | |
| Extent (e.g. Volumes, Pages etc.) | 61 p ., |
| 500 ## - GENERAL NOTE | |
| General note | This Hand book titled " What every Employer Should know" is an attempt to fulfil this long felt need. The contents have been indexed alphabetically to provide ready and easy reference on any particular subject to which an employer wishes to make a reference. |
| 942 ## - Koha item type (Biblio) | |
| Koha item type | Books in Stacks (Lending) |
| Lost status | Damaged status | Collection code | Home library | Current library | Shelving location | Date acquired | Full call number | Accession Number | Item type |
|---|---|---|---|---|---|---|---|---|---|
| Lending | WERC Library | WERC Library | Social Science Cupboard | 03/31/2024 | 331 DES | 3647 | Books in Stacks (Lending) |
